[Event "BAN Walton 1st League"]
[Site "Dhaka"]
[Date "2016.12.08"]
[Round "3.2"]
[White "Sultana, Sharmin Shirin"]
[Black "Rakib Ahmed, Saleh"]
[Result "1-0"]
[WhiteElo "2017"]
[BlackElo "1777"]
[PlyCount "48"]
[EventDate "2016.12.06"]
[EventType "team-tourn"]
[EventRounds "9"]
[EventCountry "BAN"]
[SourceTitle "CBM 176 Extra"]
[Source "ChessBase"]
[SourceDate "2017.03.02"]
[SourceVersion "1"]
[SourceVersionDate "2017.03.02"]
[SourceQuality "1"]
[WhiteTeam "Fire Service & Civil Defense"]
[BlackTeam "Masud Sports"]
[WhiteTeamCountry "BAN"]
[BlackTeamCountry "BAN"]

1. d4 d5 2. c4 c6 3. Nf3 Nf6 4. Nc3 e6 5. Bg5 Nbd7 6. e3 Qa5 7. cxd5 Nxd5 8. Qb3 c5 9. Be2 cxd4 10. exd4 Bd6 11. 0-0 0-0 12. Nxd5 Qxd5 13. Bc4 Qf5 14. Bd3 Qg4 15. Rfe1 h6 16. Re4 Qf5 17. Rh4 Qa5 18. Bd2 Qb6 19. Qc2 Nf6 20. Qc1 Qc7 21. Bc2 Nh7 22. Bxh6 gxh6 23. Bxh7+ Kh8 24. Qxh6 Rd8 1-0

[Event "BAN Walton 1st League"]
[Site "Dhaka"]
[Date "2016.12.07"]
[Round "2.2"]
[White "Rakib Ahmed, Saleh"]
[Black "Mollah Abdullah, Al Rakib"]
[Result "0-1"]
[WhiteElo "1777"]
[BlackElo "2492"]
[PlyCount "96"]
[EventDate "2016.12.06"]
[EventType "team-tourn"]
[EventRounds "9"]
[EventCountry "BAN"]
[SourceTitle "CBM 176 Extra"]
[Source "ChessBase"]
[SourceDate "2017.03.02"]
[SourceVersion "1"]
[SourceVersionDate "2017.03.02"]
[SourceQuality "1"]
[WhiteTeam "Masud Sports"]
[BlackTeam "SAIF Sporting Club"]
[WhiteTeamCountry "BAN"]
[BlackTeamCountry "BAN"]

1. e4 e5 2. Nf3 Nc6 3. d4 exd4 4. Bc4 Nf6 5. Ng5 Ne5 6. Bb3 h6 7. f4 hxg5 8. fxe5 Nxe4 9. Qxd4 Nc5 10. Bc4 d5 11. Qxd5 Be6 12. Qxd8+ Rxd8 13. Bxe6 Nxe6 14. Be3 Rd5 15. 0-0 Rxe5 16. Bf2 Re2 17. Rc1 Bd6 18. h3 Be5 19. Nc3 Bxc3 20. bxc3 Ke7 21. Rab1 b6 22. Kf1 Re5 23. Re1 Rxe1+ 24. Rxe1 Rd8 25. Be3 f6 26. Ke2 Rd5 27. a3 Ra5 28. Ra1 Ra4 29. Kd3 b5 30. Re1 Kf7 31. Bc1 a6 32. Rf1 Nc5+ 33. Kd2 Rc4 34. Bb2 Na4 35. Ba1 Re4 36. Rf5 Ke6 37. Rf3 Nb6 38. Rf1 Nc4+ 39. Kd3 Ke5 40. Rf3 Re1 41. a4 Rxa1 42. axb5 axb5 43. g4 Rd1+ 44. Ke2 Rd2+ 45. Ke1 Rxc2 46. Rf5+ Ke4 47. Rxb5 Ne3 48. Rb4+ Kf3 0-1